000 01500cam a22003374a 4500
001 14212412
003 ARRUPE
005 20141220020005.0
008 051228s2006 ilu b 001 0 eng
010 _a 2005037494
020 _a0829422013
020 _a9780829422016
035 _a(OCoLC)ocm62766071
040 _aDLC
_cDLC
_dYDX
_dBAKER
_dXLM
_dOCO
_dIXA
_dDLC
042 _apcc
050 0 0 _aPN1995.5
_b.L44 2006
100 1 _aLeonard, Richard,
_d1963-
_97254
245 1 0 _aMovies that matter :
_breading film through the lens of faith /
_cRichard Leonard.
260 _aChicago, Ill. :
_bLoyola Press,
_cc2006.
300 _axxv, 172 p. ;
_c22 cm.
504 _aIncludes bibliographical references (p. 161-163) and indexes.
650 0 _aMotion pictures
_xMoral and ethical aspects.
_97255
650 0 _aMotion pictures
_xReligious aspects
_xChristianity.
_97256
856 4 1 _3Table of contents
_uhttp://www.loc.gov/catdir/toc/ecip065/2005037494.html
856 4 2 _3Contributor biographical information
_uhttp://www.loc.gov/catdir/enhancements/fy1115/2005037494-b.html
856 4 2 _3Publisher description
_uhttp://www.loc.gov/catdir/enhancements/fy1115/2005037494-d.html
856 4 1 _3Sample text
_uhttp://www.loc.gov/catdir/enhancements/fy1115/2005037494-s.html
906 _a7
_bcbc
_corignew
_d1
_eecip
_f20
_gy-gencatlg
942 _2lcc
_cMONOGRAPH
_02
999 _c119755
_d119755